[Event "Mülheim Nord 2- Porz 2"]
[Site "?"]
[Date "2023.10.29"]
[Round "3.2"]
[White "Hausrath, Daniel"]
[Black "Gallasch, Jonas"]
[Result "1/2-1/2"]
[WhiteElo "2454"]
[BlackElo "2303"]
[PlyCount "54"]
[EventDate "2023.??.??"]
[SourceVersionDate "2023.09.04"]

1. Nf3 Nf6 2. c4 g6 3. Nc3 d5 4. cxd5 Nxd5 5. h4 h5 6. e4 Nxc3 7. dxc3 Qxd1+ 8. Kxd1 Bg7 9. Bc4 Nd7 10. Bf4 Nc5 11. Bxc7 Nxe4 12. Ke2 O-O 13. Bd5 Nc5 14. Ng5 Bd7 15. Ne4 Nxe4 16. Bxe4 Rac8 17. Bf4 Bb5+ 18. Bd3 Bc6 19. f3 a6 20. Rad1 Rfd8 21. Be4 Bxe4 22. fxe4 Kf8 23. Be3 Ke8 24. Bb6 Rxd1 25. Rxd1 Bf6 26. g3 Be5 27. Kf3 e6 1/2-1/2

[Event "Mülheim Nord 2- Porz 2"]
[Site "?"]
[Date "2023.10.29"]
[Round "3.3"]
[White "Marcziter, Dmitrii"]
[Black "Rezazadeh, Amir"]
[Result "1/2-1/2"]
[WhiteElo "2224"]
[BlackElo "2353"]
[PlyCount "98"]
[EventDate "2023.??.??"]
[SourceVersionDate "2023.09.04"]

1. d4 d5 2. c4 dxc4 3. e4 e5 4. Nf3 exd4 5. Bxc4 Bb4+ 6. Nbd2 Nc6 7. O-O Nf6 8. a3 Be7 9. b4 O-O 10. h3 Nd7 11. Bb2 Bf6 12. Rc1 d3 13. Bxf6 Qxf6 14. Bxd3 Nde5 15. Bb5 Rd8 16. Qe2 Rxd2 17. Nxd2 Nd4 18. Qe3 Nxb5 19. a4 Nd6 20. Rxc7 Nc6 21. b5 Qd8 22. Rxc8 Nxc8 23. bxc6 bxc6 24. Rc1 Ne7 25. Nc4 Qc7 26. Qg5 h6 27. Qe5 Rc8 28. Nd6 Ng6 29. Qc5 Rd8 30. Nf5 Rd3 31. g3 Ne5 32. Kg2 h5 33. Ne7+ Kh7 34. Nxc6 Qxc6 35. Qxc6 Nxc6 36. Rxc6 Rd4 37. Ra6 Rxe4 38. Rxa7 Kg6 39. h4 Kf6 40. Kf3 Rb4 41. Ra6+ Ke7 42. Ke3 g6 43. Kd3 Rb2 44. Ke3 Rb4 45. a5 Ra4 46. f3 Kd7 47. Kd3 Ra3+ 48. Ke4 Ke7 49. Kf4 Kf8 1/2-1/2

[Event "Mülheim Nord 2- Porz 2"]
[Site "?"]
[Date "2023.10.29"]
[Round "3.4"]
[White "Stillger, Bernhard"]
[Black "Schmidt, Bodo"]
[Result "1/2-1/2"]
[WhiteElo "2284"]
[BlackElo "2258"]
[PlyCount "66"]
[EventDate "2023.??.??"]
[SourceVersionDate "2023.09.04"]

1. d4 d5 2. c4 c6 3. cxd5 cxd5 4. Bf4 Nf6 5. Nc3 Nc6 6. e3 Bf5 7. Qb3 Na5 8. Qa4+ Bd7 9. Qc2 e6 10. Nf3 Rc8 11. Bd3 Be7 12. O-O Nc6 13. a3 Nh5 14. Be5 f6 15. Bg3 Nxg3 16. hxg3 f5 17. Ne5 Nxe5 18. dxe5 Qc7 19. Qb3 O-O 20. Rac1 Qxe5 21. Qxb7 Rc7 22. Qb3 Rfc8 23. Ba6 Rd8 24. Rfd1 Rc6 25. Bf1 Rb6 26. Qa2 a5 27. a4 Rc8 28. Nb5 Rbc6 29. Rxc6 Rxc6 30. Nd4 Rc8 31. Bb5 Rc7 32. Bxd7 Rxd7 33. Rc1 Kf7 1/2-1/2

[Event "Mülheim Nord 2- Porz 2"]
[Site "?"]
[Date "2023.10.29"]
[Round "3.6"]
[White "Kahleys, Kevin"]
[Black "Sabirov, Rafael"]
[Result "1-0"]
[WhiteElo "2216"]
[BlackElo "2103"]
[PlyCount "61"]
[EventDate "2023.??.??"]
[SourceVersionDate "2023.09.04"]

1. d4 d5 2. Nf3 Nf6 3. g3 g6 4. Bg2 Bg7 5. O-O O-O 6. c4 dxc4 7. Na3 c5 8. Nxc4 cxd4 9. Nxd4 Nbd7 10. Bf4 Nb6 11. Nxb6 Qxb6 12. Nb3 Rd8 13. Qc1 Ne8 14. Be3 Qb5 15. Qc5 Qxe2 16. Rfe1 Qxb2 17. Qxe7 Qf6 18. Qc5 Qf5 19. Rac1 Nd6 20. Bg5 f6 21. Bd5+ Kf8 22. Bf4 Qd7 23. Re6 Qxe6 24. Bxe6 Bxe6 25. Bxd6+ Kf7 26. Qb4 Rd7 27. Nc5 Rc8 28. Re1 a5 29. Qe4 Rxd6 30. Qxb7+ Kg8 31. Nxe6 1-0

[Event "Mülheim Nord 2- Porz 2"]
[Site "?"]
[Date "2023.10.29"]
[Round "3.6"]
[White "Kruse, Victor"]
[Black "Proettel, Swen"]
[Result "0-1"]
[WhiteElo "1991"]
[BlackElo "2137"]
[PlyCount "94"]
[EventDate "2023.??.??"]
[SourceVersionDate "2023.09.04"]

1. d4 d5 2. c4 e6 3. Nf3 a6 4. Bg5 Nf6 5. Nc3 dxc4 6. a4 Nc6 7. e3 Na5 8. Nd2 Bb4 9. Bxf6 Qxf6 10. Nxc4 Nxc4 11. Bxc4 O-O 12. O-O Bd7 13. a5 Bc6 14. Qc2 Rad8 15. Bd3 g6 16. Be4 Bxe4 17. Qxe4 c6 18. Ra4 Qe7 19. Qc2 f5 20. Qb3 Bd6 21. Ne2 Rf7 22. f4 Kh8 23. Qc3 Rg7 24. Nc1 g5 25. Nd3 gxf4 26. exf4 Qf6 27. Raa1 Bb8 28. Nc5 Rxd4 29. Rad1 e5 30. Kh1 Qd6 31. Rxd4 exd4 32. Qc4 Re7 33. g3 Ba7 34. Nd3 Qe6 35. Qxe6 Rxe6 36. Ne5 Bb8 37. Re1 Bxe5 38. fxe5 d3 39. Kg1 d2 40. Rd1 Rxe5 41. Rxd2 Rd5 42. Re2 Rb5 43. Rd2 Kg7 44. h4 Kg6 45. Rd6+ Kh5 46. Rd7 h6 47. Rf7 Kg6 0-1

[Event "Mülheim Nord 2- Porz 2"]
[Site "?"]
[Date "2023.10.29"]
[Round "3.8"]
[White "Savchenko, Daniel"]
[Black "Bus, Tom"]
[Result "1-0"]
[WhiteElo "2082"]
[BlackElo "2045"]
[PlyCount "79"]
[EventDate "2023.??.??"]
[SourceVersionDate "2023.09.04"]

1. Nf3 Nc6 2. d4 d5 3. Bf4 Bg4 4. e3 e6 5. Nbd2 Bd6 6. c3 Nf6 7. Bb5 O-O 8. Bxc6 bxc6 9. Qa4 Bxf4 10. exf4 Qd6 11. Ne5 c5 12. h3 Bf5 13. dxc5 Qxc5 14. O-O Rfb8 15. Nb3 Qb5 16. Qxb5 Rxb5 17. Rfc1 a5 18. c4 Rb7 19. g4 Bg6 20. h4 Be4 21. f3 dxc4 22. Nc5 Bxf3 23. Nxb7 Bxb7 24. Rxc4 Nd5 25. Kf2 Ba6 26. Rc5 f6 27. Nf3 Nxf4 28. Rxc7 Nd3+ 29. Kg3 e5 30. b3 Re8 31. Rd1 e4 32. Ne1 Ne5 33. Rd5 h5 34. gxh5 Be2 35. Rxa5 Bxh5 36. Raa7 g6 37. Ng2 Nd3 38. Ne3 f5 39. Nd5 f4+ 40. Kh2 1-0

[Event "Mülheim Nord 3- Katernberg"]
[Site "?"]
[Date "2023.10.29"]
[Round "3.1"]
[White "Tomic, Bosko"]
[Black "Walter, Andreas"]
[Result "1-0"]
[WhiteElo "2436"]
[BlackElo "2168"]
[PlyCount "113"]
[EventDate "2023.??.??"]
[SourceVersionDate "2023.09.04"]

1. e4 e5 2. Nf3 Nc6 3. Bb5 Nf6 4. O-O Nxe4 5. d4 Nd6 6. dxe5 Nxb5 7. a4 Nbd4 8. Nxd4 Nxd4 9. Qxd4 d5 10. exd6 Qxd6 11. Qc3 Qc5 12. Qg3 Be6 13. Nc3 c6 14. Rd1 h5 15. h3 h4 16. Qc7 Qb6 17. Qf4 Rc8 18. Ne4 Be7 19. Be3 Qa5 20. b4 Qf5 21. Nd6+ Bxd6 22. Qxd6 a6 23. Rd2 Qf6 24. Rad1 Bd5 25. Qc5 b6 26. Qxb6 O-O 27. Qxa6 Ra8 28. Qd3 Rxa4 29. c4 Be6 30. Bc5 Rfa8 31. Qe4 Ra1 32. Kh2 Rxd1 33. Rxd1 Rd8 34. Bd4 Qg5 35. Be3 Qe7 36. Rc1 Qxb4 37. Qxh4 Qd6+ 38. Kg1 Qd3 39. Qf4 Ra8 40. c5 Bd5 41. Kh2 Qg6 42. Qg3 Qxg3+ 43. Kxg3 Ra4 44. Rb1 Kh7 45. h4 Kg6 46. Rb8 Kf5 47. f3 Rc4 48. h5 Rc3 49. Bd4 Rc4 50. Bxg7 Rxc5 51. Kh4 Rc1 52. g4+ Ke6 53. Re8+ Kd7 54. Re3 Rf1 55. h6 Ba2 56. f4 f5 57. h7 1-0

[Event "Mülheim Nord 3- Katernberg"]
[Site "?"]
[Date "2023.10.29"]
[Round "3.2"]
[White "Limbourg, Philipp"]
[Black "Kueppers, Timo"]
[Result "0-1"]
[WhiteElo "2201"]
[BlackElo "2204"]
[PlyCount "64"]
[EventDate "2023.??.??"]
[SourceVersionDate "2023.09.04"]

1. e4 c5 2. Nc3 a6 3. f4 b5 4. Qe2 Bb7 5. d3 Nc6 6. Nf3 e6 7. g3 Nd4 8. Nxd4 cxd4 9. Nd1 d5 10. Bg2 dxe4 11. dxe4 Nf6 12. O-O Rc8 13. c3 d3 14. Qe1 Bc5+ 15. Kh1 Nxe4 16. Be3 O-O 17. Nf2 Nxf2+ 18. Rxf2 Bxg2+ 19. Kxg2 Qd5+ 20. Kg1 Rfd8 21. Rd2 b4 22. Rc1 bxc3 23. bxc3 Ba3 24. Rcd1 Rxc3 25. Qf1 Bc5 26. Qf2 Bxe3 27. Qxe3 h6 28. Qb6 a5 29. a4 Rd6 30. Qb2 Qc5+ 31. Kf1 Rb6 32. Qa1 Rbb3 0-1

[Event "Mülheim Nord 3- Katernberg"]
[Site "?"]
[Date "2023.10.29"]
[Round "3.3"]
[White "Schimnatkowski, Lukas"]
[Black "Voss, Gunther"]
[Result "1/2-1/2"]
[WhiteElo "2167"]
[BlackElo "2073"]
[PlyCount "67"]
[EventDate "2023.??.??"]
[SourceVersionDate "2023.09.04"]

1. e4 e6 2. d4 d5 3. Nd2 Nf6 4. e5 Nfd7 5. Bd3 c5 6. c3 Nc6 7. Ne2 cxd4 8. cxd4 f6 9. exf6 Nxf6 10. O-O Bd6 11. Nf3 Qc7 12. h3 O-O 13. Be3 Bd7 14. Rc1 a6 15. Re1 h6 16. Qb3 Be8 17. Ne5 g5 18. Ng6 Bxg6 19. Bxg6 Qg7 20. Bb1 Nh5 21. Rcd1 Rae8 22. Qc2 Rf6 23. a3 Ne7 24. Qa4 Nc6 25. f3 Bb8 26. Kh1 Qc7 27. Bg1 Re7 28. Qc2 Rg7 29. Rf1 Qd6 30. Qc5 Qc7 31. Qc2 Qd6 32. Qc5 Qg3 33. Qc2 Qd6 34. Qc5 1/2-1/2

[Event "Mülheim Nord 3- Katernberg"]
[Site "?"]
[Date "2023.10.29"]
[Round "3.4"]
[White "Roitburd, Talik"]
[Black "Wessendorf, Thomas"]
[Result "0-1"]
[WhiteElo "2131"]
[BlackElo "2266"]
[PlyCount "60"]
[EventDate "2023.??.??"]
[SourceVersionDate "2023.09.04"]

1. e4 c5 2. Nf3 d6 3. Bb5+ Nc6 4. Bxc6+ bxc6 5. h3 e5 6. O-O Nf6 7. Re1 Be7 8. d3 O-O 9. c3 Rb8 10. Qc2 Nd7 11. d4 cxd4 12. cxd4 Qb6 13. dxe5 Nxe5 14. Nxe5 dxe5 15. Nc3 Rd8 16. b3 Qa5 17. Be3 Bb4 18. Red1 Bxh3 19. gxh3 Bxc3 20. Rxd8+ Rxd8 21. Rc1 Bd4 22. Qxc6 h6 23. a4 Bxe3 24. fxe3 Qd2 25. Qc3 Qe2 26. Qe1 Qf3 27. Qf2 Qxh3 28. Rf1 Qg4+ 29. Kh2 Qh5+ 30. Kg2 Rd6 0-1

[Event "Mülheim Nord 3- Katernberg"]
[Site "?"]
[Date "2023.10.29"]
[Round "3.5"]
[White "Gruenter, Martin"]
[Black "Schmidt, Kevin"]
[Result "1-0"]
[WhiteElo "2235"]
[BlackElo "1989"]
[PlyCount "53"]
[EventDate "2023.??.??"]
[SourceVersionDate "2023.09.04"]

1. e4 e5 2. Nf3 Nc6 3. Bc4 Nf6 4. d3 Bc5 5. c3 a6 6. Nbd2 d6 7. Bb3 Ba7 8. Nf1 h6 9. Ng3 Qe7 10. O-O Bd7 11. Be3 Bxe3 12. fxe3 O-O-O 13. a4 Be6 14. Bxe6+ fxe6 15. b4 Nb8 16. a5 g5 17. Qb3 Rdg8 18. b5 c5 19. Rab1 Rg6 20. d4 exd4 21. cxd4 h5 22. e5 Ne8 23. Ne4 Rh7 24. dxc5 d5 25. Nd6+ Nxd6 26. cxd6 Qd7 27. Qc2+ 1-0

[Event "Mülheim Nord 3- Katernberg"]
[Site "?"]
[Date "2023.10.29"]
[Round "3.6"]
[White "Grodotzki, Kenneth"]
[Black "Rosen, Bernd"]
[Result "0-1"]
[WhiteElo "1953"]
[BlackElo "2314"]
[PlyCount "132"]
[EventDate "2023.??.??"]
[SourceVersionDate "2023.09.04"]

1. f4 g6 2. Nf3 c5 3. g3 Bg7 4. Bg2 Nc6 5. O-O e6 6. d3 Nge7 7. c3 O-O 8. e4 d6 9. Be3 b6 10. Na3 Ba6 11. Re1 Qd7 12. Qc2 Rac8 13. Rad1 Nd4 14. Qf2 Nxf3+ 15. Bxf3 Rfd8 16. d4 Qa4 17. Qc2 Qc6 18. Qf2 Bb7 19. c4 a6 20. g4 cxd4 21. Bxd4 Bxd4 22. Qxd4 Qc5 23. Kg2 Qxd4 24. Rxd4 e5 25. Rd2 Nc6 26. f5 Nd4 27. b3 b5 28. Red1 Kg7 29. Kf2 Kf6 30. h4 Ke7 31. g5 gxf5 32. Rxd4 exd4 33. exf5 Bxf3 34. Kxf3 Rc5 35. Kf4 Kd7 36. Rxd4 Re8 37. b4 Rce5 38. cxb5 axb5 39. Nb1 Rc8 40. Nd2 Rc1 41. Ne4 Rf1+ 42. Kg4 d5 43. Nf6+ Kc6 44. Kh5 Rexf5 45. Rd3 R1f3 46. Rd2 R3f4 47. Nxh7 Rxb4 48. Nf6 Rff4 49. Kh6 Rxf6+ 50. gxf6 Rg4 51. h5 d4 52. Re2 d3 53. Rd2 Rg3 54. Kh7 Kd5 55. h6 Kd4 56. Kh8 Kc3 57. Rh2 d2 58. Rh1 Kc2 59. h7 b4 60. a4 b3 61. a5 b2 62. a6 b1=Q 63. Rxb1 Kxb1 64. a7 Ra3 65. Kg7 d1=Q 66. h8=Q Qg4+ 0-1

[Event "Mülheim Nord 3- Katernberg"]
[Site "?"]
[Date "2023.10.29"]
[Round "3.7"]
[White "Struck, Lasse"]
[Black "Brockhaus, Bernd"]
[Result "1-0"]
[WhiteElo "1964"]
[BlackElo "1995"]
[PlyCount "43"]
[EventDate "2023.??.??"]
[SourceVersionDate "2023.09.04"]

1. d4 g6 2. e4 Bg7 3. Nc3 d6 4. f4 c6 5. Nf3 Bg4 6. Bc4 Bxf3 7. gxf3 e5 8. dxe5 Qh4+ 9. Ke2 dxe5 10. Qe1 Qe7 11. Qg3 Nd7 12. Rd1 O-O-O 13. Kf1 Ngf6 14. Be3 Nh5 15. Qf2 b5 16. Nxb5 cxb5 17. Bxb5 Nb8 18. Bxa7 Rd4 19. fxe5 Rxd1+ 20. Rxd1 Bxe5 21. Bxb8 Bxb8 22. Rd7 1-0

[Event "Wattenscheid- Bochum"]
[Site "?"]
[Date "2023.10.29"]
[Round "3.1"]
[White "Zatonskih, Anna"]
[Black "Koscielski, Janusz"]
[Result "1/2-1/2"]
[WhiteElo "2347"]
[BlackElo "2263"]
[PlyCount "47"]
[EventDate "2023.??.??"]
[SourceVersionDate "2023.09.04"]

1. d4 d5 2. c4 e6 3. Nc3 Nf6 4. cxd5 exd5 5. Bg5 Be7 6. e3 O-O 7. Bd3 Re8 8. Nge2 c6 9. O-O Nbd7 10. Qc2 Nf8 11. Rae1 g6 12. f3 b5 13. Bh4 Ne6 14. Kh1 a6 15. Rd1 Bb7 16. Bf2 c5 17. dxc5 Nxc5 18. Nf4 Rc8 19. Qb1 b4 20. Nce2 Nxd3 21. Rxd3 Qc7 22. Nd4 a5 23. Rdd1 Ba6 24. Rfe1 1/2-1/2

[Event "Wattenscheid- Bochum"]
[Site "?"]
[Date "2023.10.29"]
[Round "3.2"]
[White "Schiffer, Kai- Uwe"]
[Black "Friedmann, Rafael"]
[Result "0-1"]
[WhiteElo "2261"]
[BlackElo "2417"]
[PlyCount "78"]
[EventDate "2023.??.??"]
[SourceVersionDate "2023.09.04"]

1. d4 d6 2. e4 Nf6 3. f3 c5 4. d5 e6 5. c4 a6 6. a4 h5 7. Nc3 g6 8. Bd3 Bg7 9. Nge2 exd5 10. cxd5 Nbd7 11. O-O O-O 12. Bg5 Ne5 13. Bc2 c4 14. Kh1 Qc7 15. Qd2 Re8 16. f4 Nd3 17. Bxd3 cxd3 18. Qxd3 Bd7 19. Ng3 Nh7 20. Bh4 Rac8 21. Qf3 Bg4 22. Qf2 Qc5 23. Qxc5 Rxc5 24. h3 Bd7 25. Ra3 Bxc3 26. bxc3 Rc4 27. Rb1 b5 28. axb5 Bxb5 29. Ne2 Rcxe4 30. Nd4 Bc4 31. Rb6 Rxf4 32. Bg3 Rf1+ 33. Kh2 Nf6 34. Rxd6 Ne4 35. Rd7 g5 36. Ra4 h4 37. Bc7 Nc5 38. Rxc4 Ree1 39. Rd8+ Kh7 0-1

[Event "Wattenscheid- Bochum"]
[Site "?"]
[Date "2023.10.29"]
[Round "3.3"]
[White "Jugelt, Tobias"]
[Black "Franke, Johannes"]
[Result "1-0"]
[WhiteElo "2382"]
[BlackElo "2268"]
[PlyCount "107"]
[EventDate "2023.??.??"]
[SourceVersionDate "2023.09.04"]

1. Nf3 Nf6 2. g3 g6 3. b3 Bg7 4. Bb2 d6 5. d4 O-O 6. Bg2 Bg4 7. O-O Qc8 8. c4 Bh3 9. Nc3 Bxg2 10. Kxg2 c5 11. d5 Nbd7 12. Qc2 a6 13. a4 e5 14. dxe6 fxe6 15. Rad1 Qc6 16. e4 Ng4 17. Qe2 Rae8 18. Ng5 Nge5 19. f4 Nf7 20. Nf3 Nf6 21. Kg1 Qb6 22. Qc2 Ng4 23. Rd3 Bd4+ 24. Nxd4 cxd4 25. Nd1 e5 26. Qe2 Nf6 27. Nf2 Nd8 28. fxe5 dxe5 29. Ba3 Rf7 30. Rf3 Qe6 31. h3 Qc6 32. a5 Kg7 33. Bb4 Qd7 34. Kg2 Qc6 35. Bd2 h6 36. b4 Ref8 37. b5 Qe6 38. Bc1 Ng8 39. Rxf7+ Rxf7 40. Bd2 Nf6 41. Rb1 axb5 42. Rxb5 Nc6 43. Qd3 Ne8 44. c5 Qa2 45. Be1 Nd8 46. Rb6 Nc7 47. Qd2 Qc4 48. Ng4 g5 49. Nxh6 Nce6 50. Nxf7 Nxf7 51. Rxb7 d3 52. Qe3 Kg8 53. c6 Qxc6 54. Rb8+ 1-0

[Event "Wattenscheid- Bochum"]
[Site "?"]
[Date "2023.10.29"]
[Round "3.4"]
[White "Wengenroth, Walter"]
[Black "Illner, Achim"]
[Result "0-1"]
[WhiteElo "2252"]
[BlackElo "2439"]
[PlyCount "60"]
[EventDate "2023.??.??"]
[SourceVersionDate "2023.09.04"]

1. e4 e6 2. d4 d5 3. e5 c5 4. c3 Nc6 5. Nf3 Qb6 6. a3 Nh6 7. b4 cxd4 8. cxd4 Nf5 9. Be3 f6 10. exf6 gxf6 11. Bd3 Nxe3 12. fxe3 Bh6 13. Qe2 O-O 14. Nc3 Ne7 15. g4 Bg7 16. Qc2 h6 17. Qb3 Bd7 18. O-O Rac8 19. Rac1 Qd6 20. Bb1 f5 21. Qc2 a5 22. gxf5 Nxf5 23. Nh4 axb4 24. Nxf5 exf5 25. axb4 Qxb4 26. Qg2 Rxc3 27. Qxd5+ Kh8 28. Qxd7 Rxc1 29. Rxc1 Qd2 30. Rc7 Rg8 0-1

[Event "Wattenscheid- Bochum"]
[Site "?"]
[Date "2023.10.29"]
[Round "3.5"]
[White "Golovanj, Andeij"]
[Black "Sandkamp, Ralph"]
[Result "1-0"]
[WhiteElo "2301"]
[BlackElo "2237"]
[PlyCount "59"]
[EventDate "2023.??.??"]
[SourceVersionDate "2023.09.04"]

1. d4 Nf6 2. c4 g6 3. Nc3 Bg7 4. e4 d6 5. Be2 O-O 6. Bg5 c5 7. d5 h6 8. Be3 e6 9. Qd2 exd5 10. exd5 Kh7 11. h3 Re8 12. Bd3 Nbd7 13. Nf3 Ne5 14. Nxe5 Rxe5 15. O-O Re8 16. Bf4 a6 17. Rfe1 Qc7 18. Rxe8 Nxe8 19. Re1 Nf6 20. a4 b6 21. g4 Bd7 22. Re7 Rf8 23. Bxg6+ fxg6 24. Bxh6 Ne8 25. Qg5 Qd8 26. Bxg7 Nxg7 27. Ne4 Bxa4 28. Nf6+ Rxf6 29. Qxf6 Qh8 30. Rf7 1-0

[Event "Wattenscheid- Bochum"]
[Site "?"]
[Date "2023.10.29"]
[Round "3.6"]
[White "Hirsch, Stefan"]
[Black "Zozulia, Anna"]
[Result "1-0"]
[WhiteElo "2137"]
[BlackElo "2217"]
[PlyCount "69"]
[EventDate "2023.??.??"]
[SourceVersionDate "2023.09.04"]

1. e4 c5 2. Nf3 Nc6 3. Bb5 d6 4. d4 cxd4 5. Nxd4 Bd7 6. Nc3 Nxd4 7. Bxd7+ Qxd7 8. Qxd4 e5 9. Qd3 Be7 10. O-O Nf6 11. Bg5 O-O 12. Bxf6 Bxf6 13. Rad1 Be7 14. Nd5 Rac8 15. Qh3 Rfd8 16. Qxd7 Rxd7 17. Nxe7+ Rxe7 18. Rxd6 f6 19. c3 Kf7 20. Rfd1 Rcc7 21. Kf1 b5 22. g3 a5 23. Rb6 Rb7 24. Rxb7 Rxb7 25. Rd5 b4 26. c4 Ra7 27. Ke2 Ke6 28. c5 h5 29. Kd3 g5 30. Kc4 g4 31. Rd6+ Ke7 32. Kd5 Ra8 33. c6 a4 34. Rd7+ Ke8 35. Kd6 1-0

[Event "Wattenscheid- Bochum"]
[Site "?"]
[Date "2023.10.29"]
[Round "3.7"]
[White "Golinka, Oleksandr"]
[Black "Leveikina, Jevgenija"]
[Result "1/2-1/2"]
[WhiteElo "2186"]
[BlackElo "2064"]
[PlyCount "38"]
[EventDate "2023.??.??"]
[SourceVersionDate "2023.09.04"]

1. e4 c6 2. d4 d5 3. Nc3 dxe4 4. Nxe4 Nf6 5. Nxf6+ exf6 6. c3 Bd6 7. Bd3 O-O 8. Qc2 Kh8 9. Ne2 Re8 10. Be3 Nd7 11. O-O-O Nf8 12. h4 Be6 13. Kb1 b5 14. Nf4 Bxf4 15. Bxf4 Bd5 16. f3 a5 17. Rhe1 Qd7 18. Bf5 Be6 19. Be4 Bd5 1/2-1/2

[Event "Wattenscheid- Bochum"]
[Site "?"]
[Date "2023.10.29"]
[Round "3.8"]
[White "Schroeder, Wilfried"]
[Black "Kiese, Matthias"]
[Result "1/2-1/2"]
[WhiteElo "2134"]
[BlackElo "2152"]
[PlyCount "64"]
[EventDate "2023.??.??"]
[SourceVersionDate "2023.09.04"]

1. d4 d5 2. Nf3 Nf6 3. c4 e6 4. g3 Be7 5. Bg2 O-O 6. O-O dxc4 7. Qc2 a6 8. Qxc4 b5 9. Qc2 Bb7 10. Bg5 Nbd7 11. Bxf6 Nxf6 12. Nbd2 Rc8 13. Nb3 Be4 14. Qc1 c5 15. dxc5 a5 16. Qd2 Qxd2 17. Nbxd2 Bd5 18. a4 Rxc5 19. axb5 Rxb5 20. b3 Rc8 21. Nd4 Rbc5 22. Bxd5 Rxd5 23. e3 Bb4 24. Nc4 Rdc5 25. Nb6 Rb8 26. Na4 Rc7 27. Rfc1 Rbc8 28. Ne2 Ne4 29. Nb6 Rxc1+ 30. Rxc1 Rxc1+ 31. Nxc1 Nc5 32. Nc4 Kf8 1/2-1/2

[Event "Katernberg 2- Münster"]
[Site "?"]
[Date "2023.10.29"]
[Round "3.1"]
[White "Holtel, Jasper"]
[Black "Bee, Marcus"]
[Result "1/2-1/2"]
[WhiteElo "2352"]
[BlackElo "2209"]
[PlyCount "119"]
[EventDate "2023.??.??"]
[SourceVersionDate "2023.09.04"]

1. Nf3 d5 2. g3 c5 3. Bg2 Nc6 4. d4 e6 5. O-O Nf6 6. c4 Be7 7. cxd5 exd5 8. dxc5 Bxc5 9. Bg5 Be6 10. Qc1 Bb6 11. Qf4 h6 12. Bxf6 Qxf6 13. Qxf6 gxf6 14. Nc3 Ke7 15. Rfd1 Rhd8 16. Na4 Rac8 17. Nxb6 axb6 18. e3 d4 19. Nxd4 Nxd4 20. exd4 Rc2 21. d5 Bf5 22. b3 Kd6 23. Bf1 Rb2 24. Bc4 b5 25. Bxb5 Ra8 26. a4 Rxb3 27. Rac1 Rc8 28. Rxc8 Bxc8 29. Rd4 Bh3 30. f3 Rxf3 31. Rh4 Bf5 32. Rxh6 Bg6 33. Rh4 Kxd5 34. Bf1 Kd6 35. Rf4 Rxf4 36. gxf4 b6 37. Kf2 Bc2 38. Bb5 Ke6 39. Ke3 Kf5 40. Bd7+ Kg6 41. Be8 Bb3 42. Kf3 Bd1+ 43. Ke4 Bb3 44. Bc6 Bc2+ 45. Ke3 Bb3 46. Bd7 Bc2 47. Kf3 Bd1+ 48. Ke4 Bb3 49. Kd4 Bc2 50. h3 Bb3 51. Kc3 Bxa4 52. Bxa4 Kf5 53. h4 Kxf4 54. Bd1 f5 55. Kd4 b5 56. Kc5 b4 57. Kxb4 Ke5 58. Kc5 Kf6 59. Kd6 f4 60. Bf3 1/2-1/2

[Event "Katernberg 2- Münster"]
[Site "?"]
[Date "2023.10.29"]
[Round "3.2"]
[White "Scheck, Kyrill"]
[Black "Schmitzer, Klaus"]
[Result "0-1"]
[WhiteElo "2148"]
[BlackElo "2217"]
[PlyCount "76"]
[EventDate "2023.??.??"]
[SourceVersionDate "2023.09.04"]

1. e4 c6 2. d4 d5 3. exd5 cxd5 4. Nf3 Nf6 5. Ne5 g6 6. Bb5+ Nbd7 7. Be2 Bg7 8. Nd3 Ne4 9. c3 Ndf6 10. Bf4 h5 11. O-O h4 12. Ne5 a6 13. Qa4+ Kf8 14. Nd2 h3 15. g3 Nxd2 16. Bxd2 Bf5 17. Qb3 Ne4 18. Be3 b5 19. a4 bxa4 20. Rxa4 a5 21. Nc6 Qd7 22. Nxa5 Bh6 23. Bb5 Qe6 24. Bxh6+ Rxh6 25. Bc6 Rd8 26. Re1 Nd2 27. Rxe6 Nxb3 28. Re5 Nd2 29. Rxd5 Rc8 30. Rc5 Rxc6 31. Nxc6 Nf3+ 32. Kh1 Be4 33. Nb4 Nxd4+ 34. Kg1 Nf3+ 35. Kf1 Nxh2+ 36. Ke2 Bf3+ 37. Ke3 Nf1+ 38. Kf4 h2 0-1

[Event "Katernberg 2- Münster"]
[Site "?"]
[Date "2023.10.29"]
[Round "3.3"]
[White "Chilla, Jan Eric"]
[Black "Irkilmez, Yakub"]
[Result "1/2-1/2"]
[WhiteElo "2243"]
[BlackElo "2123"]
[PlyCount "92"]
[EventDate "2023.??.??"]
[SourceVersionDate "2023.09.04"]

1. Nf3 Nf6 2. g3 e6 3. Bg2 d5 4. O-O Be7 5. b3 O-O 6. c4 c5 7. Bb2 d4 8. e3 Nc6 9. exd4 cxd4 10. Re1 Ng4 11. d3 f6 12. a3 a5 13. Bc1 Nge5 14. Nxe5 Nxe5 15. f4 Nf7 16. Nd2 Re8 17. Nf3 Bd6 18. Kh1 e5 19. fxe5 Bxe5 20. Bb2 Qd6 21. Qd2 Bd7 22. b4 axb4 23. axb4 Rxa1 24. Rxa1 Bc6 25. b5 Bxf3 26. Bxf3 Ng5 27. Bxb7 Bxg3 28. Bd5+ Kh8 29. Ra8 Rxa8 30. Bxa8 Bf4 31. Qg2 g6 32. Qd5 Qe7 33. Bxd4 Nh3 34. Qe4 Be5 35. Bg1 Nxg1 36. Kxg1 Qa7+ 37. Kg2 Qa2+ 38. Kf1 Qa1+ 39. Ke2 Qb2+ 40. Kf3 Qxh2 41. d4 Qh1+ 42. Ke3 Qe1+ 43. Kd3 Qd1+ 44. Kc3 Qa1+ 45. Kd3 Qd1+ 46. Kc3 Qa1+ 1/2-1/2

[Event "Katernberg 2- Münster"]
[Site "?"]
[Date "2023.10.29"]
[Round "3.4"]
[White "Meyer, Armin"]
[Black "Wichtrup, Jan- Louis"]
[Result "1/2-1/2"]
[WhiteElo "2180"]
[BlackElo "2102"]
[PlyCount "36"]
[EventDate "2023.??.??"]
[SourceVersionDate "2023.09.04"]

1. Nf3 Nf6 2. c4 e6 3. g3 d5 4. Bg2 Be7 5. O-O O-O 6. d4 dxc4 7. Qc2 a6 8. a4 Bd7 9. Ne5 Bc6 10. Nxc6 Nxc6 11. e3 Na5 12. Nd2 c5 13. dxc5 Rc8 14. b4 cxb3 15. Nxb3 Nxb3 16. Qxb3 Nd7 17. Ba3 Nxc5 18. Bxc5 Bxc5 1/2-1/2

[Event "Katernberg 2- Münster"]
[Site "?"]
[Date "2023.10.29"]
[Round "3.5"]
[White "Muschik, Benedikt"]
[Black "Villwock, Martin"]
[Result "1-0"]
[WhiteElo "2270"]
[BlackElo "2073"]
[PlyCount "95"]
[EventDate "2023.??.??"]
[SourceVersionDate "2023.09.04"]

1. d4 Nf6 2. Nf3 e6 3. Bf4 c5 4. e3 cxd4 5. exd4 b6 6. Nbd2 Be7 7. a4 O-O 8. c3 Nd5 9. Bg3 f5 10. h3 Bb7 11. a5 f4 12. Bh2 bxa5 13. Bd3 Nc6 14. O-O Qe8 15. Nc4 a4 16. Rxa4 a5 17. Re1 Qh5 18. Nfe5 Qxd1 19. Rxd1 Nxe5 20. Nxe5 Nb6 21. Ra2 g5 22. Rda1 a4 23. Bb5 a3 24. bxa3 Rfc8 25. Nxd7 Nxd7 26. Bxd7 Bd5 27. Bxc8 Bxa2 28. Rxa2 Rxc8 29. Rc2 Rc4 30. Kf1 Bxa3 31. Ke2 Bd6 32. f3 Ra4 33. Bg1 Kf7 34. Kd3 Ra1 35. Bf2 Ke7 36. Rb2 Kd7 37. Rc2 Kc6 38. Re2 Kd7 39. Ke4 Rc1 40. Be1 Bc7 41. Kd3 Rd1+ 42. Bd2 h6 43. Re1 Rxe1 44. Bxe1 Ba5 45. Bd2 e5 46. d5 Kd6 47. Ke4 Bb6 48. c4 1-0

[Event "Katernberg 2- Münster"]
[Site "?"]
[Date "2023.10.29"]
[Round "3.6"]
[White "Melde, Benjamin"]
[Black "Wolter, Kai"]
[Result "1/2-1/2"]
[WhiteElo "2008"]
[BlackElo "2179"]
[PlyCount "68"]
[EventDate "2023.??.??"]
[SourceVersionDate "2023.09.04"]

1. c4 g6 2. g3 Bg7 3. Bg2 c5 4. Nc3 Nc6 5. Nf3 e6 6. d4 cxd4 7. Nb5 d6 8. Nfxd4 Nxd4 9. Nxd4 a6 10. O-O Ne7 11. Bg5 h6 12. Be3 O-O 13. Qd2 e5 14. Nc2 Nf5 15. Rfd1 Qc7 16. b3 Rd8 17. Rac1 Be6 18. Qb4 Nxe3 19. Nxe3 Rab8 20. Nd5 Bxd5 21. cxd5 Qd7 22. Rc4 Rdc8 23. Rdc1 Bf8 24. a4 Be7 25. h4 Rxc4 26. Qxc4 h5 27. Kh2 Bd8 28. Bh3 Qe7 29. Qb4 Bc7 30. g4 hxg4 31. Qxg4 Bb6 32. e3 Kg7 33. Rg1 Rh8 34. h5 Rh6 1/2-1/2